| 000 | 00409cam a2200145ua 4500 | ||
|---|---|---|---|
| 041 |
_aeng _h |
||
| 082 |
_a828.09 _bWEI/HI |
||
| 100 | _aWeinbery, Bernard . | ||
| 245 |
_aHistory of literary criticism in the Italian renaissance vol-2 / _cBernard weinbery. _hTextual Documents |
||
| 260 |
_aChicago : _bThe university press , _c1961. |
||
| 300 | _a549 ; . | ||
| 504 | _a | ||
| 942 | _cBK | ||
| 999 |
_c5054 _d5054 |
||